| 000 | 01556 a2200205 4500 | ||
|---|---|---|---|
| 001 | 54341 | ||
| 005 | 20260407155815.0 | ||
| 008 | 260407a1968 arg spa d | ||
| 003 | AR-UNSa-BCEJYS | ||
| 040 |
_aAR-UNSa-BCEJYS _bspa _cAR-UNSa-BCEJYS |
||
| 080 |
_a330 _xEconomÃa en general |
||
| 245 | 1 | 0 | _aThe economic problem |
| 264 | 1 |
_aNew Jersey : _bPrentice-Hall _c1968 |
|
| 300 |
_axx, 652 p. _c23 cm. |
||
| 505 | _a1. The economic problem - 2. The pre-market economy - 3. The emergence of the market sociesty - 4. The industrial revolution - 5. The impact og industrial technology - 6. The change in market structure - 7. The Great Depression - 8. The evolution of guided capitalism - 9. Wealth and output - 10. Output and income - 11. Saving and investment - 12. The consumption sector - 13. The investment sector - 14. Investment and equilibrium - 15. The government sector - 16. Money - 17. Money and the macro system - 18. Employment and output - 19. The problem of growth - 20. Introduction to the microeconomy - 21. The market for goods - 22. The market in movement - 23. The market for factors - 24. The firm in the factor market - 25. The equilibrium of the firm - 26. Competition in the real world - 27. The market system in review - 28. The gains from trade - 29. The problem of international transactions - 30. The drift of European economic history - 31. The underdeveloped world - 32. The trajectory of economic society | ||
| 041 | _aspa | ||
| 942 | _cBK | ||
| 590 | _aniveau_biblio:m niveau_hierar:0 | ||
| 100 | 1 | _aHeilbroner, Robert L. | |
| 999 |
_c5503 _d5503 |
||